Measuring the natural environment. (Record no. 7411)

MARC details
000 -LEADER
fixed length control field 01282cam a2200313 a 4500
001 - CONTROL NUMBER
control field 13111400
003 - CONTROL NUMBER IDENTIFIER
control field OSt
005 - DATE AND TIME OF LATEST TRANSACTION
control field 20211029114341.0
008 - FIXED-LENGTH DATA ELEMENTS--GENERAL INFORMATION
fixed length control field 030305s2003 enka b 001 0 eng
010 ## - LIBRARY OF CONGRESS CONTROL NUMBER
LC control number 2003044038
020 ## - INTERNATIONAL STANDARD BOOK NUMBER
International Standard Book Number 052182205X
020 ## - INTERNATIONAL STANDARD BOOK NUMBER
International Standard Book Number 0521529522 (pbk.)
040 ## - CATALOGING SOURCE
Original cataloging agency DLC
Transcribing agency DDC
Modifying agency DLC
050 00 - LIBRARY OF CONGRESS CALL NUMBER
Classification number QE33
Item number .S79 2003
082 00 - DEWEY DECIMAL CLASSIFICATION NUMBER
Classification number 550STR 2003
100 1# - MAIN ENTRY--PERSONAL NAME
Personal name Strangeways, Ian;
Dates associated with a name 1932-
9 (RLIN) 15173
245 10 - TITLE STATEMENT
Title Measuring the natural environment.
Statement of responsibility, etc. Edited by Strangeways,Ian;
250 ## - EDITION STATEMENT
Edition statement 2nd ed.
260 ## - PUBLICATION, DISTRIBUTION, ETC. (IMPRINT)
Place of publication, distribution, etc. New York.
Name of publisher, distributor, etc. Cambridge University Press
Date of publication, distribution, etc. 2003.
300 ## - PHYSICAL DESCRIPTION
Extent ix,534p;
Other physical details ill;
Dimensions 26cm.
504 ## - BIBLIOGRAPHY, ETC. NOTE
Bibliography, etc Includes; bibliographical references and index.
650 #0 - SUBJECT ADDED ENTRY--TOPICAL TERM
Topical term or geographic name as entry element Environmental Research
9 (RLIN) 15174
856 42 - ELECTRONIC LOCATION AND ACCESS
Materials specified Publisher description
Uniform Resource Identifier <a href="http://www.loc.gov/catdir/description/cam032/2003044038.html">http://www.loc.gov/catdir/description/cam032/2003044038.html</a>
856 41 - ELECTRONIC LOCATION AND ACCESS
Materials specified Table of contents
Uniform Resource Identifier <a href="http://www.loc.gov/catdir/toc/cam032/2003044038.html">http://www.loc.gov/catdir/toc/cam032/2003044038.html</a>
856 42 - ELECTRONIC LOCATION AND ACCESS
Materials specified Contributor biographical information
Uniform Resource Identifier <a href="http://www.loc.gov/catdir/enhancements/fy0731/2003044038-b.html">http://www.loc.gov/catdir/enhancements/fy0731/2003044038-b.html</a>
906 ## - LOCAL DATA ELEMENT F, LDF (RLIN)
a 7
b cbc
c orignew
d 1
e ocip
f 20
g y-gencatlg
942 ## - ADDED ENTRY ELEMENTS (KOHA)
Source of classification or shelving scheme Dewey Decimal Classification
Koha item type Open Shelf
Holdings
Withdrawn status Lost status Source of classification or shelving scheme Damaged status Not for loan Home library Current library Date acquired Source of acquisition Inventory number Total Checkouts Full call number Barcode Date last seen Price effective from Koha item type
    Dewey Decimal Classification     MUST Main Library MUST Main Library 29/10/2021 Donation 06/26140   550STR 2003 2021-1567 29/10/2021 29/10/2021 Open Shelf